| 000 | 01006nas a2200313 4500 | ||
|---|---|---|---|
| 001 | BR2015005941 | ||
| 003 | BR-BrBNA | ||
| 005 | 20231205125817.0 | ||
| 007 | ta | ||
| 008 | 230509b bl.|||p| |||| 00| 00por d | ||
| 040 |
_aBR-BrBNA _bpor _cBiblioteca Nacional de Agricultura |
||
| 041 | _a(En) | ||
| 072 | _aF60 | ||
| 100 | 1 | _aMendes, M.M. de S. | |
| 100 | 1 | _aLacerda, C.F. de | |
| 100 | 1 | _aFernandes, F.É.P. | |
| 100 | 1 | _aCavalcante, A.C.R. | |
| 100 | 1 | _aOliveira, T.S. de | |
| 245 | 1 | _aEcophysiology of deciduous plants grown at different densities in the semiarid region of Brazil | |
| 650 | _aFISIOLOGIA VEGETAL | ||
| 650 | _aCONDICAO AMBIENTAL | ||
| 650 | _aCLOROFILA | ||
| 650 | _aBIOMASSA | ||
| 650 | _aRESPIRACAO | ||
| 773 | 0 |
_tTheoretical and Experimental Plant Physiology (Brazil) _xISSN 2197-0025 _g(2013), v. 25(2) p. 94-105 _wBR2015005941 |
|
| 856 | 4 | 0 | _uhttp://www.scielo.br/pdf/txpp/v25n2/a02v25n2.pdf |
| 909 |
_a202311 _bLúcia _c55 _dLúcia Elande |
||
| 942 |
_2AGRIS _n0 _cANA |
||
| 999 |
_c246276 _d246276 |
||